Quizzes
Events
Quiz Creation
Community
Videos
Private Events
Remove Ads
Sign In
Join for FREE
Feedback
Dark Mode
Quiz Categories
Sports
Geography
Music
Movies
Television
Just For Fun
Miscellaneous
History
Literature
Language
Science
Gaming
Entertainment
Religion
Holiday
For Kids
Quiz Lab
Recent
Popular Today
Quiz Kudos Today
Editor Picks
Curator Picks
Quizzes by...
Day
Popularity
Type
Ratings
Length
Year
Community
Subscriptions
Recent Discussions
Orange Saloon
Badges
Playlists
Quests
Create
Leaderboards
Showdown
Live 5
Trivia Bingo
Activity
Puzzle Library
Sporcle Events
Private Events
Virtual Trivia
Globe League
Become a Host
Pub Owners
SporcleCon
Opinionation
Our Games
Videos
Blog
Mobile Apps
Partnerships
Remove Ads and Go Orange
Feedback
Sports
Athletes
MLB
NBA
NHL
NFL
Soccer
Sports Teams
WWE
NCAA
Football
Premier League
Basketball
Baseball
Hockey
Golf
Tennis
Cricket
Rugby
Auto Racing
Olympics
World Cup
Sports
Athletes
MLB
NBA
NHL
NFL
Soccer
Sports Teams
WWE
NCAA
Football
Premier League
Basketball
Baseball
Hockey
Golf
Tennis
Cricket
Rugby
Auto Racing
Olympics
World Cup
Random Quiz
Search Sporcle
×
Quiz Lab
Quiz Lab
Sports
Baseball
Type in answers that appear in a list
Type in answers that appear in a list
Classic
Best Score? Go Orange.
Cincinnati Reds Pitchers of the 2000's Stats
Can you name the players to pitch for the Cincinnati Reds in the 2000's?
By
themusketeer
15m
135 Questions
338 Plays
338 Plays
338 Plays
Comments
Comments
Give Quiz Kudos
Give Quiz Kudos
-
- Ratings
hide this ad
Replay
Link that replays current quiz
Next Quiz
Link to next quiz in quiz playlist
You Got
0%
They Got
Avg Score
23%
Avg Friend Score
Upgrade to see
Score Distribution
Jump to the score distribution portion of the page
Score
0/135
Timer
15:00
0
Plays Today
Years with team
Player
% Correct
2003-
present
Aaron Harang
96.2%
2006-
present
Bronson Arroyo
94.4%
2008-
present
Francisco Cordero
82%
2000-
2005
Danny Graves
79.9%
2008-
present
Edinson Volquez
79.9%
2008-
present
Johnny Cueto
79.3%
2007-
present
Homer Bailey
75.7%
2005-
2009
David Weathers
70.1%
2003-
2005
Paul Wilson
63.6%
2009-
present
Arthur Rhodes
60.7%
2006
Dave Williams
58.6%
2001-
2002
Jose Rijo
54.1%
2000-
2001
Pete Harnisch
52.7%
2000-
2003
Scott Williamson
52.4%
2006
Jason Johnson
48.2%
2004
Todd Jones
47.6%
2005-
2007
Eric Milton
46.4%
2000-
2003
Scott Sullivan
46.2%
2009-
present
Micah Owings
43.2%
2008-
present
Danny Ray Herrera
42.9%
2000-
2002
Elmer Dessens
41.7%
2008-
present
Nick Masset
41.7%
2002-
2004
Jimmy Haynes
40.8%
2006-
2008
Bill Bray
40.2%
2005-
2008
Todd Coffey
37%
2000-
2004
Gabe White
36.4%
2006
Rick White
36.4%
2007-
present
Jared Burton
36.1%
2006-
2008
Gary Majewski
34.9%
2001-
2003
Joey Hamilton
34%
2004
Cory Lidle
34%
2005-
2007
Elizardo Ramirez
33.4%
2008-
2009
Ramon Ramirez
33.4%
2009-
present
Matt Maloney
33.4%
2008-
present
Mike Lincoln
32.5%
2009-
present
Kip Wells
32.5%
2002-
2003
Ryan Dempster
32%
2000
Denny Neagle
31.1%
2003-
2008
Kent Mercker
30.5%
2008
Daryl Thompson
30.5%
2009-
present
Justin Lehr
30.2%
2009-
present
Paul Janish
30.2%
2000-
2001
Dennys Reyes
29%
2001
Lance Davis
27.8%
2004-
2006
Brandon Claussen
27.8%
Years with team
Player
% Correct
2000-
2001
Osvaldo Fernandez
26.9%
2001-
2002
Jared Fernandez
26.9%
2003-
2008
Matt Belisle
26.9%
2003
Jimmy Anderson
26%
2007
Mike Stanton
26%
2003-
2005
Ryan Wagner
25.1%
2001-
2003
Chris Reitsma
25.1%
2000
Steve Parris
24.9%
2006-
2007
Kyle Lohse
24.9%
2000-
2001
Rob Bell
23.4%
2000
Ron Villone
23.1%
2009-
present
Carlos Fisher
22.2%
2001
Frank Rodriguez
21.9%
2005
Ramon Ortiz
21.9%
2001-
2004
Jose Acevedo
21.3%
2006
Ryan Franklin
19.5%
2008
Josh Fogg
18.9%
2006-
2007
Eddie Guardado
18.3%
2008-
2009
Josh Roenicke
18.3%
2000
Norm Charlton
17.5%
2003-
2004
Todd Van Poppel
16.9%
2006-
2007
Rheal Cormier
16.9%
2003
Josh Hall
16.3%
2002
Brian Moehler
15.7%
2000-
2004
John Riedling
15.1%
2001-
2004
Brian Reith
14.8%
2008
Jeremy Affeldt
14.8%
2009-
present
Pedro Viola
13.6%
2009
Robert Manuel
13.6%
2002
Shawn Estes
13.3%
2004
Jung Bong
13.3%
2000-
2001
Scott Winchester
13%
2003-
2005
Joe Valentine
11.8%
2004-
2005
Josh Hancock
11.8%
2004
Jesus Sanchez
11.8%
2006
Chris Hammond
11.2%
2006
Joe Mays
11.2%
2000
Manuel Aybar
10.7%
2002
Bruce Chen
10.7%
2002-
2005
Luke Hudson
10.4%
2000-
2001
Mark Wohlers
10.1%
2005
Brian Shackelford
10.1%
2006
Scott Schoeneweis
9.8%
2006
Sun-Woo Kim
9.8%
2003
Josias Manzanillo
9.5%
Years with team
Player
% Correct
2000-
2001
Hector Mercado
9.2%
2004
Mike Matthews
8.9%
2006
Esteban Yan
8.9%
2007
Bobby Livingston
8.9%
2002
Luis Pineda
8.6%
2001-
2002
Jim Brower
8.3%
2003
Felix Heredia
8.3%
2007
Jon Coutlangus
8.3%
2007
Kirk Saarloos
8.3%
2003-
2004
Phil Norton
8%
2006
Justin Germano
8%
2003
John Bale
7.7%
2007
Marcus McBeth
7.7%
2007
Phil Dumatrait
7.7%
2003
Dan Serafini
7.4%
2003
Jeff Austin
7.4%
2005
Ben Weber
7.4%
2006
Chris Michalak
7.1%
2000
Andy Larkin
6.8%
2002
Jose Silva
6.8%
2005-
2007
Ricky Stone
6.5%
2007
Victor Santos
6.5%
2007
Tom Shearn
6.5%
2004
Juan Padilla
6.2%
2003
Seth Etherton
5.9%
2003
Mark Watson
5.6%
2005-
2006
Jason Standridge
5.6%
2000
Larry Luebbers
5.3%
2006-
2007
Mike Gosling
5%
2008
Adam Pettyjohn
5%
2005
Allan Simpson
4.7%
2001
Chris Nichting
4.4%
2005
Randy Keisler
4.4%
2007
Brad Salmon
4.4%
2008
Jon Adkins
4.4%
2000
Keith Glauber
4.1%
2005
Chris Booker
3.8%
2006
Mike Burns
3.8%
2001
Scott MacRae
3.6%
2001
Justin Atchley
3.6%
2002
Carlos Almanzar
2.7%
2003
Juan Cerros
2.4%
2003
Scott Randall
2.1%
2004
Aaron Myette
2.1%
2001
Chris Piersoll
1.8%
Quiz Playlist
Details
Report
Send in Message
Add To Playlist
Classic:
Type in answers that appear in a list
Last Updated: Feb 16, 2017
Quiz Scoreboard
CHALLENGE
Sign Up to Join the Scoreboard
Show All
Scores
Hide
Comments
May contain spoilers
Recently Published
Billboard Blitz: Fleetwood Mac
by CooCooCachoo
Music
15s
Presidents Visiting Landmarks
by Hejman
History
7m
An Introduction to Baseball
by treessimontrees
Sports
5m
More to Explore
Quiz From the Vault
Featured Blog Post
Where Did the Easter Bunny Come From?
hide this ad
You Might Also Like...
Tags
Baseball Quiz
MLB Quiz
2000s
cincinnati
Cincinnati Reds
pitch
Pitchers
Player
Red
Started
team
Today's Top Quizzes in Sports
Browse Sports
hide this ad
Today's Top Quizzes in Baseball
Browse Baseball
Top Contributed Quizzes in Sports
1
Les meilleurs buteurs des matchs entre le PSG et l’OM
2
2022 World Cup Stars
3
FIFA Club World Cup Champions
4
Les entraîneurs de l'OM et du PSG au 21e siècle
5
Name the Premier League winners with different clubs
6
5-to-1: UK Sports Teams
7
La finale Lions - Afrique du Sud 2021
8
Criteria MLB: Left Handed Sluggers
9
AFC Teams Reveal (Wrong Answers Minefield)
10
England Test cricketers to play under Nasser Hussain
Explore More
Trending Topics
Crossword
Harry Potter
Disney
Marvel
Anime
NBA
Kpop
Song
WWE
The Office
Soccer
Pokémon
Puzzle
Country
NFL
hide this ad
More By:
themusketeer
Quiz
Plays
Rating
Category
Featured
Created
Cincinnati Reds Pitchers of the 2000's
338
5.00
Sports
Nov 23, 2009
Islands by Country 10-to-1
90
5.00
Geography
Feb 16, 2019
Go to Creator's Profile
Score Distribution
Quiz Creator Spotlight
themusketeer
Follow
Send a Message
Quizzes Created
-
Created Quiz Play Count
-
More By This Creator
Popular Quizzes Today
1
Find the US States - No Outlines Minefield
2
Find the Countries of Europe - No Outlines Minefield
3
The Countries of the World
4
Find the US States
5
US States
6
Popular People in 1961
7
Risky Map Clicking: Biggest States A-Z
8
Movies - When Are They Set?
More Sports Quizzes
Summer Olympics Host Countries
Published
Trending Quizzes
Risky Map Clicking: Least Populous States A-Z
1-10 Letter G Words
1-10 Letter F Words
Risky Map Clicking: Next State Alphabetically
'A' Boys' Names Grid
Recently Updated
Leaping Animals
pecheneg
Reality TV Shows (A-Z)
bhenderson79
Rickey Henderson's Hall of Fame Teammates
pecheneg
Champions League XIs: Arsenal
pecheneg
Quick Pick: Celebrities in WWE's Hall of Fame
aduchscher
A-Z Keypad Blitz II
pecheneg
Multiple Oscar Actors
pecheneg
Mystery Phrase Blitz: Oscar 'Best Actors'
pecheneg
F. Scott Fitzgerald Novels
LTH
Pick 3 Villains
ddd62291
Trending Topics
Crossword
Anime
Marvel
Kpop
NBA
Disney
Harry Potter
Country
The Office
Puzzle
Soccer
Pokémon
WWE
NFL
Song
Your Account Isn't Verified!
In order to create a playlist on Sporcle, you need to verify the email address you used during registration. Go to your
Sporcle Settings
to finish the process.
Report this User
Report this user for behavior that violates our
Community Guidelines
.
Details:
Send Report
Go to the Sporcle.com Mobile Site →
Comments